000 01114cam a2200133 4500500
005 20260405085417.0
041 _afre
042 _adc
100 1 0 _aLafaye, Claudette
_eauthor
245 0 0 _aSociologie des organisations
260 _bArmand Colin,
_c2009.
520 _aProduire des biens et des services, dispenser du savoir ou des soins, participer à la vie démocratique, partager une activité de loisir, etc., la plupart de nos activités quotidiennes se déroulent dans le cadre d'organisations. Comprendre leur fonctionnement, leur degré de rationalisation, les modes de coopération entre leurs membres, les relations qu'elles nouent avec leur environnement, tel est le propos de la sociologie des organisations. Cet ouvrage expose les fondements, les principales orientations et quelques prolongements récents de cette discipline. Il montre que l'analyse des organisations offre des pistes de réflexion pour penser la complexité des mécanismes de coopération humaine.
856 4 1 _uhttps://shs.cairn.info/sociologie-des-organisations--9782200346843?lang=fr&redirect-ssocas=7080
999 _c2197352
_d2197352